000 01141cam a22002894a 4500
999 _c8729
_d8729
001 12139972
003 GBCCL
005 20241126110657.0
008 000811s2001 ilu b 001 0 eng
010 _a 00063359
020 _a0830815732 (hardcover : alk. paper)
040 _aDLC
_cDLC
_dDLC
042 _apcc
050 0 0 _aBV637
_b.C586 2001
082 0 0 _a253.091732
_221
_bCON
100 1 _aConn, Harvie M.
_92403
245 1 0 _aUrban ministry :
_bthe kingdom, the city, & the people of God /
_cHarvie M. Conn & Manuel Ortiz.
260 _aDowners Grove, Ill. :
_bInterVarsity Press,
_cc2001.
300 _a527 p. ;
_c23 cm.
504 _aIncludes bibliographical references (p. [470]-506) and index.
650 0 _aCity churches.
_92402
650 0 _aCity missions.
_94738
700 1 _aOrtiz, Manuel,
_d1938-
_915397
906 _a7
_bcbc
_corignew
_d1
_eocip
_f20
_gy-gencatlg
942 _2ddc
_cBK
_034